000 01802cam a2200145 4500500
005 20251214001916.0
041 _afre
042 _adc
100 1 0 _aMairesse, François
_eauthor
700 1 0 _aRochelandet, Fabrice
_eauthor
245 0 0 _aEconomie des arts et de la culture
260 _bArmand Colin,
_c2015.
520 _aLe discours économique s’immisce tous les jours davantage dans le monde de la culture, parfois au détriment de ce qui constitue la culture elle-même. Il importe donc, pour les professionnels de ce secteur, de comprendre les implications de la logique économique dans le domaine des arts et de la culture et de s’approprier ses codes pour la maîtriser. Cet ouvrage présente les principaux modes de raisonnement de la logique économique et de l’intervention publique. Un autre mécanisme, fondé sur le don, s’exerce sur chacun des domaines de la culture (arts de la scène, patrimoine, arts plastiques, livre, musique enregistrée, cinéma) qui font ici l’objet d’une analyse spécifique. Ces derniers connaissent actuellement des bouleversements considérables, liés notamment aux développements des technologies de l’information et de la communication, induisant de nouveaux modèles économiques comme la longue traîne ou le crowdfunding. À une époque où les théâtres, les bibliothèques et les musées sont de moins en moins souvent administrés par des artistes ou des scientifiques, où la culture, dans son ensemble, est pensée à partir de l’« économie de la créativité », il importe plus que jamais de s’interroger sur l’évolution de l’ensemble de ce secteur constitutif de notre humanité.
856 4 1 _uhttps://shs.cairn.info/economie-des-arts-et-de-la-culture--9782200277413?lang=fr&redirect-ssocas=7080
999 _c1566557
_d1566557